Formula 2 race winners(road to F1) (2017-2021) - Statistics

General Stats
  • This quiz has been taken 144 times
  • The average score is 15 of 33
Answer Stats
Nation Wins Driver % Correct
Monaco 7 Charles Leclerc
97%
Great Britian 7 George Russell
93%
Thailand 4 Alex Albon
90%
Russia 2 Nikita Mazepin
89%
Great Britain 1 Lando Norris
87%
Japan 2 Yuki Tsunoda
87%
China 5 Guanyu Zhou
82%
Australia 6 Oscar Piastri
82%
Netherlands 7 Nyck de Vries
74%
Canada 5 Nicholas Latifi
71%
Germany 3 Mick Schumacher
67%
Estonia 2 Juri Vips
57%
New Zealand 1 Liam Lawson
54%
Brazil 3 Felipe Drugovich
49%
France 2 Theo Pourchaire
45%
Russia 6 Robert Shwartzman
42%
India 3 Jehan Daruvala
40%
Russia 8 Artem Markelov
37%
New Zealand 1 Marcus Armstrong
34%
Netherlands 1 Richard Verschoor
34%
Great Britain 3 Callum Ilott
29%
Denmark 2 Christian Lundgaard
29%
Great Britain 4 Jack Aitken
26%
Japan 6 Nobuharu Matsushita
26%
Italy 6 Luca Ghiotto
23%
France 2 Anthoine Hubert
22%
Brazil 3 Sergio Sette Camara
17%
Italy 3 Antonio Fuoco
13%
Great Britain 3 Dan Ticktum
13%
Germany 1 Maximillian Gunther
11%
Great Britain 2 Oliver Rowland
11%
France 1 Norman Nato
9%
Japan 1 Tadasuke Makino
8%
No matching quizzes found
Score Distribution
Percent of People with Each Score
Percentile by Number Answered
Your Score History
You have not taken this quiz